000 00287nam a22001217a 4500
008 170608b xxu||||| |||| 00| 0 eng d
041 _aeng
080 _a94(7/8)
100 _a18
101 _aSHH
245 _aTHE MILITARY AND SOCIETY IN LATIN AMERICA
_cJOHNSON, J.J
942 _2udc
_cBK
999 _c16440
_d16440